Fundamentals of Financial Management : (Record no. 6592)
[ view plain ]
| 000 -LEADER | |
|---|---|
| fixed length control field | 00653nam a22002177a 4500 |
| 003 - CONTROL NUMBER IDENTIFIER | |
| control field | BUBTL |
| 008 - FIXED-LENGTH DATA ELEMENTS--GENERAL INFORMATION | |
| fixed length control field | 211202b ||||| |||| 00| 0 eng d |
| 020 ## - INTERNATIONAL STANDARD BOOK NUMBER | |
| International Standard Book Number | 0030314615 |
| 082 ## - DEWEY DECIMAL CLASSIFICATION NUMBER | |
| Classification number | 658.15/ B7685f/ 2001 |
| 100 ## - MAIN ENTRY--PERSONAL NAME | |
| 9 (RLIN) | 13 |
| Personal name | Brigham, Fugene F. |
| 245 ## - TITLE STATEMENT | |
| Title | Fundamentals of Financial Management : |
| Remainder of title | Eugene F. Brigham and Joel F. Houston |
| 250 ## - EDITION STATEMENT | |
| Edition statement | 9th |
| 260 ## - PUBLICATION, DISTRIBUTION, ETC. (IMPRINT) | |
| Place of publication, distribution, etc. | India |
| Name of publisher, distributor, etc. | Mollick and Brothers |
| Date of publication, distribution, etc. | c2001 |
| 300 ## - PHYSICAL DESCRIPTION | |
| Extent | [xxxvi], 959p . : |
| Other physical details | ill. Table ; 24cm |
| 521 ## - TARGET AUDIENCE NOTE | |
| Target audience note | Includes Index |
| 650 ## - SUBJECT ADDED ENTRY--TOPICAL TERM | |
| Topical term or geographic name as entry element | Finance |
| 700 ## - ADDED ENTRY--PERSONAL NAME | |
| Personal name | Eugene F. Brigham and Joel F. Houston |
| 856 ## - ELECTRONIC LOCATION AND ACCESS | |
| Password | 0 |
| Logon | 0 |
| Link text | Download |
| 942 ## - ADDED ENTRY ELEMENTS (KOHA) | |
| Source of classification or shelving scheme | |
| Koha item type | Books |
| Withdrawn status | Lost status | Source of classification or shelving scheme | Damaged status | Not for loan | Collection code | Permanent location | Current location | Shelving location | Date acquired | Source of acquisition | Inventory number | Total Checkouts | Full call number | Barcode | Date last seen | Copy number | Price effective from | Koha item type |
|---|---|---|---|---|---|---|---|---|---|---|---|---|---|---|---|---|---|---|
| Non-fiction | Bangladesh University of Business and Technology Library | Bangladesh University of Business and Technology Library | Finance Stacks | 08/21/2002 | Purchase | 820 | 658.15/ B7685f/ 2001 | BUBTL-2003820 | 12/02/2021 | C-1 | 12/02/2021 | Books | ||||||
| Non-fiction | Bangladesh University of Business and Technology Library | Bangladesh University of Business and Technology Library | Finance Stacks | 08/21/2002 | Purchase | 818 | 658.15/ B7685f/ 2001 | BUBTL-2003818 | 12/02/2021 | C-2 | 12/02/2021 | Books | ||||||
| Non-fiction | Bangladesh University of Business and Technology Library | Bangladesh University of Business and Technology Library | Finance Stacks | 08/21/2002 | Purchase | 822 | 658.15/ B7685f/ 2001 | BUBTL-2003822 | 12/02/2021 | C-3 | 12/02/2021 | Books | ||||||
| Non-fiction | Bangladesh University of Business and Technology Library | Bangladesh University of Business and Technology Library | Finance Stacks | 08/21/2002 | Purchase | 393 | 658.15/ B7685f/ 2001 | BUBTL-2003393 | 12/02/2021 | C-4 | 12/02/2021 | Books | ||||||
| Non-fiction | Bangladesh University of Business and Technology Library | Bangladesh University of Business and Technology Library | Finance Stacks | 08/21/2002 | Purchase | 389 | 658.15/ B7685f/ 2001 | BUBTL-2003389 | 12/02/2021 | C-5 | 12/02/2021 | Books | ||||||
| Non-fiction | Bangladesh University of Business and Technology Library | Bangladesh University of Business and Technology Library | Finance Stacks | 08/21/2002 | Purchase | 394 | 658.15/ B7685f/ 2001 | BUBTL-2003394 | 12/02/2021 | C-6 | 12/02/2021 | Books | ||||||
| Non-fiction | Bangladesh University of Business and Technology Library | Bangladesh University of Business and Technology Library | Finance Stacks | 08/21/2002 | Purchase | 819 | 658.15/ B7685f/ 2001 | BUBTL-2003819 | 12/02/2021 | C-7 | 12/02/2021 | Books | ||||||
| Non-fiction | Bangladesh University of Business and Technology Library | Bangladesh University of Business and Technology Library | Finance Stacks | 08/21/2002 | Purchase | 391 | 658.15/ B7685f/ 2001 | BUBTL-2003391 | 12/02/2021 | C-9 | 12/02/2021 | Books | ||||||
| Non-fiction | Bangladesh University of Business and Technology Library | Bangladesh University of Business and Technology Library | Finance Stacks | 08/21/2002 | Purchase | 390 | 658.15/ B7685f/ 2001 | BUBTL-2003390 | 12/02/2021 | C-10 | 12/02/2021 | Books | ||||||
| Non-fiction | Bangladesh University of Business and Technology Library | Bangladesh University of Business and Technology Library | Finance Stacks | 08/21/2002 | Purchase | 821 | 658.15/ B7685f/ 2001 | BUBTL-2003821 | 12/02/2021 | C-11 | 12/02/2021 | Books | ||||||
| Non-fiction | Bangladesh University of Business and Technology Library | Bangladesh University of Business and Technology Library | Finance Stacks | 08/21/2002 | Purchase | 392 | 658.15/ B7685f/ 2001 | BUBTL-2003392 | 12/02/2021 | C-12 | 12/02/2021 | Books |
